Die Landwirtschaft in den Prärieprovinzen West-Kanadas / (Record no. 9249)
[ view plain ]
| 000 -LEADER | |
|---|---|
| fixed length control field | 00680cam a22002291a 4500 |
| 001 - CONTROL NUMBER | |
| control field | agr29000281 |
| 003 - CONTROL NUMBER IDENTIFIER | |
| control field | DLC |
| 005 - DATE AND TIME OF LATEST TRANSACTION | |
| control field | 20260227110948.0 |
| 008 - FIXED-LENGTH DATA ELEMENTS--GENERAL INFORMATION | |
| fixed length control field | 940209s1928 gw b b 000 0 ger c |
| 010 ## - LIBRARY OF CONGRESS CONTROL NUMBER | |
| LC control number | agr29000281 |
| 035 ## - SYSTEM CONTROL NUMBER | |
| System control number | (OCoLC)29772975 |
| 040 ## - CATALOGING SOURCE | |
| Original cataloging agency | Library, U.S. Dept. of Agriculture |
| Transcribing agency | MnHi |
| Modifying agency | DLC |
| 042 ## - AUTHENTICATION CODE | |
| Authentication code | premarc |
| 043 ## - GEOGRAPHIC AREA CODE | |
| Geographic area code | n-cnp-- |
| 050 00 - LIBRARY OF CONGRESS CALL NUMBER | |
| Classification number | S471.C15 |
| Item number | G6 1928 |
| 100 1# - MAIN ENTRY--PERSONAL NAME | |
| Personal name | Gockel, Anton. |
| 245 14 - TITLE STATEMENT | |
| Title | Die Landwirtschaft in den Prärieprovinzen West-Kanadas / |
| Statement of responsibility, etc. | von Dr. Anton Gockel. |
| 260 ## - PUBLICATION, DISTRIBUTION, ETC. | |
| Place of publication, distribution, etc. | Berlin : |
| Name of publisher, distributor, etc. | P. Parey, |
| Date of publication, distribution, etc. | 1928. |
| 300 ## - PHYSICAL DESCRIPTION | |
| Extent | 140 p. : |
| Other physical details | maps ; |
| Dimensions | 27 cm. |
| 504 ## - BIBLIOGRAPHY, ETC. NOTE | |
| Bibliography, etc. note | Includes bibliography. |
| 650 #0 - SUBJECT ADDED ENTRY--TOPICAL TERM | |
| Topical term or geographic name entry element | Agriculture |
| Geographic subdivision | Prairie Provinces. |
No items available.